LDR 01149naa#a2200229#i#450# 001 EN\\bibl\112569 005 20260604231926.4 011 ## _a2221-3260 100 ## _a20260331b2026####ek#y0engy0150####ca 102 ## _aRU 200 1# _aOn the issue of determining factors of the dynamics of the Russian industry in the context of structural transformation _eJournal article 210 1# _aYaroslavl _cYaroslavl State Technical University _d2026 215 ## _a14 с. 608 ## _aJournal article _2local 686 ## _aОбщая экономическая теория. 6501 _2bbk 686 ## _aЭкономика промышленности. 6530 _2bbk 686 ## _aОбщая экономическая теория. 7711 _2tbk 686 ## _aЭкономические теории. 06.03 _2grnti 686 ## _aЭкономическое развитие и рост. Прогнозир-ние и планирование экономики. Экономич. циклы и кризисы. 06.52 _2grnti 686 ## _aОтраслевая структура экономики. 06.71 _2grnti 700 #1 _aMonastyrev _gMaksim Dmitrievich 856 4# _atheoreticaleconomy.ru _u